Zmeny v oblasti zamestnanosti a nezamestnanosti na južnom Slovensku, príčiny a perspektívy bakalárska práca

Gespeichert in:
Bibliographische Detailangaben
1. Verfasser: Lavička, Imrich
Körperschaft: Obchodná fakulta EU. Katedra služieb a cestovného ruchu - zrušené
Weitere Verfasser: Strážovská, Helena
Format: Buch
Sprache:Slowakisch
Veröffentlicht: Bratislava 2016
Tags: Tag hinzufügen
Keine Tags, Fügen Sie das erste Tag hinzu!

MARC

LEADER 00000nbm a2200000 4500
001 0218881
005 20170126132401.2
041 0 |a slo 
044 |a SK 
245 1 0 |a Zmeny v oblasti zamestnanosti a nezamestnanosti na južnom Slovensku, príčiny a perspektívy  |b bakalárska práca  |c Imrich Lavička ; školiteľ: Helena Strážovská 
264 1 |a Bratislava  |c 2016 
300 |a 45 s. 
100 1 |a Lavička, Imrich 
700 1 |a Strážovská, Helena 
710 2 |a Obchodná fakulta EU. Katedra služieb a cestovného ruchu - zrušené